| 000 | 01511nam a2200409 a 4500 | ||
|---|---|---|---|
| 001 | ebr10563566 | ||
| 003 | CaPaEBR | ||
| 006 | m u | ||
| 007 | cr cn||||||||| | ||
| 008 | 080617s2012 si ad sb 001 0 eng d | ||
| 010 | _z 2008274341 | ||
| 020 | _z9789812791627 (pbk.) | ||
| 020 | _z9812791620 (pbk.) | ||
| 020 | _z9789814374910 (pbk.) | ||
| 020 | _z9814374911 (pbk.) | ||
| 020 | _z9789814374927 (e-book) | ||
| 040 |
_aCaPaEBR _cCaPaEBR |
||
| 035 | _a(OCoLC)797852486 | ||
| 050 | 1 | 4 |
_aQC174.12 _b.W45 2012eb |
| 082 | 0 | 4 |
_a530.12 _222 |
| 100 | 1 |
_aWeiss, U. _q(Ulrich) |
|
| 245 | 1 | 0 |
_aQuantum dissipative systems _h[electronic resource] / _cUlrich Weiss. |
| 250 | _a4th ed. | ||
| 260 |
_aSingapore ; _aHackensack, N.J. : _bWorld Scientific, _cc2012. |
||
| 300 |
_axx, 566 p. : _bill. |
||
| 490 | 1 |
_aSeries in modern condensed matter physics ; _vv. 13 |
|
| 504 | _aIncludes bibliographical references and index. | ||
| 533 |
_aElectronic reproduction. _bPalo Alto, Calif. : _cebrary, _d2013. _nAvailable via World Wide Web. _nAccess may be limited to ebrary affiliated libraries. |
||
| 650 | 0 | _aQuantum theory. | |
| 650 | 0 | _aMathematical physics. | |
| 650 | 0 | _aThermodynamics. | |
| 650 | 0 | _aPath integrals. | |
| 655 | 7 |
_aElectronic books. _2local |
|
| 710 | 2 | _aebrary, Inc. | |
| 830 | 0 |
_aSeries in modern condensed matter physics ; _vv. 13. |
|
| 856 | 4 | 0 |
_uhttp://site.ebrary.com/lib/rucke/Doc?id=10563566 _zAn electronic book accessible through the World Wide Web; click to view |
| 999 |
_c192289 _d192289 |
||